000 00676nam a22002537a 4500
003 OSt
005 20260203112734.0
008 160408t xxu||||| |||| 00| 0 eng d
020 _a1858689392
020 _a9781858689395
020 _a1858689635
020 _a9781858689630
040 _c0
082 _a720.924
100 1 _aDarling,Elizabeth.
_9119253
245 1 _aLe Corbusier.
_bElizabeth Darling.
260 _aLondon:
_bCerlion,
_c2000.
300 _a80p.:
_bill;
_c22cm.
650 _aLe Corbusier, 1887-1965
_9119254
650 _aArchitects
_zFrance
_933830
650 _aArchitecture, Modern
_932028
650 _aArchitecture
_98421
942 _2ddc
_cBK
999 _c354151
_d354151